| 000 | 00733nam a22001337a 4500 | ||
|---|---|---|---|
| 040 | _cRUA | ||
| 082 | _aAGR YIM 2013 B056 Or.1 | ||
| 100 | _aYIN MAKARA | ||
| 245 | _aEffect of diffferent fertilizers on sweet corn in sandy loam soil condition at royal university of agriculture, (ឥទ្ធិពលប្រភេទជីផ្សេងៗលើដំណាំពោតផ្អែមនៅលក្ខខណ្ឌដីល្បាយខ្សាច់ នៅសាកលវិទ្យាល័យភូមិន្ទកសិកម្ម) | ||
| 260 |
_aphnom penh _bRUA _c2013 |
||
| 300 |
_ax, 55p. _bill. _c29cm. |
||
| 856 | _uhttps://drive.google.com/file/d/173t1pho0L73UT-IGG0UZwrqQJgHwsjXf/view?usp=sharing | ||
| 942 | _cAGR | ||
| 999 |
_c1404 _d1404 |
||